Open Data Biblioteca Nacional de Portugal


República Portuguesa: Ministério da Cultura
Biblioteca Nacional de Portugal

Catálogo da BNP: acesso por Identificadores Unívocos
Registos Bibliográficos associados ao registo de autoridade

Etiqueta de registo: 00000nam 2200025 450
001 2051245
003 http://id.bnportugal.gov.pt/bib/catbnp/2051245
010 ## $a84-95301-94-6
100 ## $a20200720d2004 m y0pory01030103ba
101 0# $aspa
102 ## $aES
105 ## $ag z 001yy
106 ## $ar
200 1# $aConcierto barroco$eestudios sobre música, dramaturgia e historia cultural$fed. Juan José Carreras, Miguel Ángel Marín
210 #9 $aLogroño$cUniversidad de La Rioja,$d2004
215 ## $a405 p.$cnot. mus.$d24 cm
317 ## $aColeção Cremilde e Gerhard Doderer$5PTBN: DOD.M. 481
702 #1 $aCarreras López,$bJuan José,$f1957-$4340$31786540
702 #1 $aMarín$bMiguel Ángel,$f1972-$4340$31786541
801 #0 $aPT$bBN$gRPC
966 ## $lBN$mMUSICA$sDOD.M. 481$x3

Etiqueta de registo: 00254nam 2200025 450
001 2071765
003 http://id.bnportugal.gov.pt/bib/catbnp/2071765
010 ## $a3-931887-95-2
100 ## $a20210602d2000 m y0pory01030103ba
101 0# $aesp
102 ## $aES
105 ## $ay b 001yy
106 ## $ar
200 1# $aPliegos de villancicos en la British Library (Londres) y la University Library (Cambridge)$fÁlvaro Torrente, Miguel Ángel Marín
210 #9 $aKassel$cReichenberger,$d2000
215 ## $aXLIV, 443 p.$d24 cm
225 2# $aCatálogo descriptivo de pliegos de villancicos$v1
225 2# $aBibliografías y catálogos$v29
225 2# $aDeMúsica$v5
317 ## $aColeção Cremilde e Gerhard Doderer$5PTBN: DOD.OR. 285
700 #1 $aTorrente,$bÁlvaro,$f1963-$31810424
701 #1 $aMarín$bMiguel Ángel,$f1972-$4070$31786541
801 #0 $aPT$bBN$gRPC
966 ## $lBN$mMUSICA$sDOD.OR. 285$x3

Etiqueta de registo: 00000nam 2200025 450
001 2277184
003 http://id.bnportugal.gov.pt/bib/catbnp/2277184
010 ## $a978-84-19036-88-9
021 ## $aES$bB-2466-2024
100 ## $a20260306d2024 m y0pory01030103ba
101 0# $aspa
102 ## $aES
106 ## $ar
200 1# $a El " Réquiem" de Mozart, una historia cultural
205 ## $a1ª ed
210 #9 $aBarcelona$cAcantilado,$d2024
215 ## $a510, [2] p
225 2# $a El Acantilado$v472
316 ## $aDedicatória do autor$5PTBN:
600 #1 $aMozart,$bWofgang Amadeus,$f1756-1791$xObra musical$2SIPOR$3818490
606 ## $aRequiem$2SIPOR$3278192
675 ## $a783.29$vBN$zpor$31995262
675 ## $a78.07Mozart, Wolfgang Amadeus$vBN$zpor$31217165
675 ## $a316.72(460)"18"(093)$vBN$zpor$31995265
700 #1 $aMarín$bMiguel Ángel,$f1972-$31786541
702 #1 $aCarreras López,$bJuan José,$f1957-$4080$31786540
801 #0 $aPT$bBN$gRPC
966 ## $lBN$mMUSICA$pARAG$x3
971 ## $cssilva$d20260408
972 ## $e0$z0$d20260416$vasantos
973 ## $csteixeira$d20260409

OpendataBNP@bnportugal.pt | Mais informação sobre acesso aos dados BNP